| 000 | 01268nam a22003857a 4500 | ||
|---|---|---|---|
| 003 | CHAP | ||
| 005 | 20220817044316.0 | ||
| 008 | 100122s2001 cr a r 00010 spa d | ||
| 010 | _a97357 | ||
| 011 | _a98329 | ||
| 020 | _a9290394900 | ||
| 035 | _a109013 | ||
| 040 | _cCHAP | ||
| 082 | 0 | 0 |
_a338.9 _aIb3 |
| 100 | 1 |
_aIbáñez, Ciro. _957243 |
|
| 245 | 1 | 0 |
_aAlgunas teorías e instrumentos para el análisis de la competitividad _c/por Ciro Ibáñez y Juan Caro Troncoso |
| 260 |
_aSan José, C.R. : _bIICA, _c2001 |
||
| 300 |
_a74 p. : _bilus. |
||
| 490 | 0 |
_aCuadernos técnicos _v, 16 |
|
| 590 |
_aBATCH-UPD _b10 _c20130110 _lUCH01 _h1009 |
||
| 590 |
_aBATCH-UPD _b10 _c20130410 _lUCH01 _h0617 |
||
| 590 |
_aBATCH-UPD _b10 _c20130913 _lUCH01 _h2226 |
||
| 590 |
_aBATCH-UPD _b10 _c20130914 _lUCH01 _h1628 |
||
| 590 |
_aCONVERSION _b10 _c20130109 _lUCH01 _h1354 |
||
| 650 | 1 | 4 | _aAgricultura sustentable. |
| 650 | 1 | 4 |
_aAgricultura _xAspectos económicos. |
| 650 | 1 | 4 |
_aCompetencia. _926091 |
| 650 | 1 | 4 | _aDesarrollo económico. |
| 650 | 1 | 4 | _aDesarrollo sustentable. |
| 700 | 1 |
_aCaro Troncoso, Juan _919255 |
|
| 830 | 0 |
_aCuadernos técnicos _v, 16 _929881 |
|
| 901 | _aBK | ||
| 942 | _cLIBRO | ||
| 949 |
_a338.9 Ib3 _bBC _cLIBRO _d33724002127694 _eLIBRO _h111607 _i109013 _sb |
||
| 999 |
_c97357 _d97357 |
||